000 04088nab a22007217 4500
003 AR-RoUNA
022 _a0327-9022
040 _aAR-RoUNA
_bspa
041 _aspa
044 _aag
245 _aSumma+ /
_bHoteles, Comercios, Oficinas
260 _aBuenos Aires (Argentina):
_cDonn SA,
_b1993.
300 _a144 p. :
_bil. byn.
_bplanos
_c34X25 cm.
505 0 _tINDICE
505 0 _tHOTELES
505 0 _tHABITANDO LA EDAD MEDIA
505 0 _aGB arqs, Lda, Gonçalo Byrne, Joäo Góids, David Sinclair / Rehabilitación de la Ciudadela de Cascais, Portugal, 2012. p. 6
505 0 _tLLENADO ESPACIOS VACIÓS
505 0 _aEstudio M+N - Marchisio + Nanzer / Hotel Modusai, Capilla del Monte, Córdoba, Argertina, 2013. p. 16
505 0 _tREFORMULANDO UNA GRANJA
505 0 _aProks Prikryl - Martin Proks, Marek Prikrl / Instalaciones para el Biotopo en Honétice cerca de Kromériz, 2013. p. 24
505 0 _tDESAFIANDO AL ESPACIO PÚBLICO
505 0 _aInés Molinari / Soportes Espontáneos. p 30
505 0 _tCOMERCIOS
505 0 _tDE SENSACIONES Y SENTIDOS
505 0 _aMMCV / Mercedes 3880, Villa Devoto, CABA, Argentina, 2013. p. 43
_aNIDOLAB arq. / Alicia de Luca Restaurante, Villa Devoto, CABA, 2014. p. 46
505 0 _tCOLECCIÓN DE ESTÍMULOS Y PLACERES
505 0 _aMario Figueira / Aigai Spa, San Pablo, Brasil, 2014. p. 51
505 0 _tENTRE PLANOS DE VEGETACIÓN
505 0 _aSuperlimäo Studio + Irmäos Campana / Firma Casa, San Pablo, Brasil, 2011. p. 56
505 0 _tA TODO VAPOR
505 0 _aVapor 324 / Garupa Estudio / Restaurante Tuju, San Pablo, Brasil, 2014. p. 62
505 0 _tFLIPPERS, TELARES, PSICODELIA, FIESTA Y ORGULLO AYMARA
505 0 _aElisabetta Andreoli / Aprendiendo de Mamani. p. 68
505 0 _tOFICINAS
505 0 _tCLIMA E IDENTIDAD
505 0 _aCCFGM / Colegio de Médicos de Salta, Salta, Argentina, 2012. p. 78
505 0 _tSUCESIÓN EMPÁTICA
505 0 _aSergio Alberto Cabrera / Caja de seguridad social para abogados, Salta, Argentina, 2013. p. 84
505 0 _tESCULTURA URBANA PARA EL ENCUENTRO Y EL COBIJO
505 0 _aGabriel Biagoni, José Giolongo, Javier Mendiondo, Sergio Pecorari, Luis Pessoni, Ramiro Piva / CAPSF-D1 - Sede Colegio de arquitectos de la Provincia de Santa Fe, Distrito 1, Santa Fe, Argentina, 2010. p. 88
505 0 _tAUTOFICINAS
505 0 _aValeria Matayoshi / Seis de la tarde. Hora Pico. Embotellamiento. Las autopistas parecen ser estacionamientos kilométricos. Los autos no se mueven. Las bocinas insisten en algo que no sucederá pronto. ¿Puede el diseño cambiar esta situación?. p. 93
505 0 _aOscar Linares De La Torre / La estructura de la luz en el espacio de trabajo. p. 98
505 0 _tBIENAL EN LAS ALTURAS
505 0 _aFernando Diez / XIX Bienal Panamericana de arquitectura de Quito. p. 104
505 0 _aObras Premiadas. p. 109
505 0 _aJosep María Montaner y Zaida Muxí / La construcción del relato arquitectónico. p. 112
505 0 _aArquitectos Jóvenes Sub-45 / Premio UFLO Vivienda latinoamericana 2014. p. 114
505 0 _aValeria Matayoshi / El gran terremoto del este de Japón, ¿Cuál fue la respuesta de los arquitectos inmediatamente después del 11 de marzo?. p. 116
505 0 _aRuth Verde Zein / El chavo del 8, cine y arquitectura. p. 122
505 0 _aIgnacio Ros de Olano / Capilla del Monasterio Benedictino de las Condes en papel. p. 124
505 0 _aRafael E.J. Iglesia / Problemas de la conservación del patrimonio. p. 125
505 0 _aDavid Dal Castello y Mario Sabugo / El más allá en Lanús Este. p. 126
505 0 _aRoberto fernández / Caja automática. El fracaso de la oks. p. 127
505 0 _aEdson Mahfuz / Observaciones sobre el libro Cementerio de la Esperanza. p. 128
650 _2Arquitectura conteporánea
773 0 _aSumma+
_dBuenos Aires, Argentina
_gNº143 (jun, 2015), p. 128
_x0327-9022
908 _aImp
942 _2udc
_cART
945 _d2022-07-08
980 _6138
_aCarolina Rainero
_8138
_gCarolina Rainero
999 _c12297
_d12297